Les linguistiques de corpus

Đã lưu trong:
Bibliografiske detaljer
Hovedforfatter: Benoit Habert
Format: Bog
Sprog:Undetermined
Udgivet: Paris Armand Colin 1997
Fag:
Tags: Tilføj Tag
Ingen Tags, Vær først til at tagge denne postø!
Thư viện lưu trữ: Trung tâm Học liệu Trường Đại học Cần Thơ
LEADER 00470nam a2200169Ia 4500
001 CTU_56403
008 210402s9999 xx 000 0 und d
082 |a 418 
082 |b H115 
100 |a Benoit Habert 
245 0 |a Les linguistiques de corpus 
245 0 |c Benoit Habert, Adeline Nazarenko et André Salem 
260 |a Paris 
260 |b Armand Colin 
260 |c 1997 
650 |a linguistics,word 
980 |a Trung tâm Học liệu Trường Đại học Cần Thơ